书目信息 |
| 题名: |
标志世界
|
|
| 作者: | 魏来 主编 | |
| 分册: | ||
| 出版信息: | 北京 中国建筑工业出版社 2005 |
|
| 页数: | 238页 | |
| 开本: | 29cm | |
| 丛书名: | ||
| 单 册: | ||
| 中图分类: | J534.4 | |
| 科图分类: | ||
| 主题词: | 标志--Biao Zhi--设计--作品集--世界--现代 | |
| 电子资源: | ||
| ISBN: | 7-112-07719-2 | |
| 000 | 00650nam 2200217 450 | |
| 001 | CAL 012005146981 | |
| 005 | 20191104093838.50 | |
| 010 | @a7-112-07719-2@b1@dCNY 118.00 | |
| 099 | @aCAL 012005146981 | |
| 100 | @a20051213g20059999km y0chiy0121 ea | |
| 101 | 0 | @achi |
| 102 | @aCN@b110000 | |
| 200 | 1 | @a标志世界@ABiao Zhi Shi Jie@d= Logo world@f魏来主编@Fwei lai zhu bian@zeng |
| 210 | @a北京@c中国建筑工业出版社@d2005 | |
| 215 | @a238页@c彩图@d29cm | |
| 510 | 1 | @aLogo world@zeng |
| 606 | 0 | @a标志@ABiao Zhi@x设计@j作品集@y世界@z现代 |
| 690 | @aJ534.4@v4 | |
| 701 | 0 | @a魏来@AWei Lai@4主编 |
| 801 | @aCN@c20061122 | |
| 905 | @a10447@dJ534.4@eW592 | |
| 标志世界= Logo world/魏来主编.-北京:中国建筑工业出版社,2005 |
| 238页:彩图;29cm |
| ISBN 7-112-07719-2(1):CNY 118.00 |
| ● |
| 相关链接 |
|
|
|
正题名:标志世界
索取号:J534.4/W592
 
预约/预借
| 序号 | 登录号 | 条形码 | 馆藏地/架位号 | 状态 | 备注 |
| 1 | 1449298 | 214492985 | 自科二线404/309社科库 93排2列6层/ [索取号:J534.4/W592] | 在馆 | |
| 2 | 1449299 | 214492994 | 自科二线404/309社科库 93排2列6层/ [索取号:J534.4/W592] | 在馆 | |
| 3 | 1449300 | 214493001 | 社科库309/309社科库 90排1列4层/ [索取号:J534.4/W592] | 在馆 | |
| 4 | 1449301 | 214493010 | 社科库309/309社科库 90排1列4层/ [索取号:J534.4/W592] | 在馆 | |
| 5 | 1449303 | 214493038 | 社科库309/309社科库 90排1列4层/ [索取号:J534.4/W592] | 在馆 | |
| 6 | 615982 | 206159823 | 社科库309/309社科库 90排1列4层/ [索取号:J534.4/W592] | 在馆 | |
| 7 | 615983 | 206159832 | 社科库309/ [索取号:J534.4/W592] | 在馆 |